Využitie nepevného prostredia pri strihaní tenkých plechov

Saved in:
Bibliographic Details
Main Author: Vizváry, Mikuláš, 1990- (Author)
Other Authors: Mečiar, Svätopluk, 1948- (Thesis advisor)
Format: Manuscript Book
Language:Slovak
Published: Trnava : STU v Bratislave MTF UVTE, 2013
Subjects:
Online Access:VAIS
Tags: Add Tag
No Tags, Be the first to tag this record!

MARC

LEADER 00000ntm a22000003a 4500
001 stu269881
005 20150617230245.0
008 130703s2013----xo------------------slo-d
040 |a STU  |b slo 
041 0 |a slo 
044 |a xo 
100 1 |a Vizváry, Mikuláš,  |d 1990-  |4 aut  |u M  |T MTF Materiálovotechnologická fakulta  |X 6676  |U M  |Y 60  |7 A000006676 
242 0 0 |a Utilization o non-solid environment to cut thin sheets  |y eng 
245 1 |a Využitie nepevného prostredia pri strihaní tenkých plechov 
260 |a Trnava :  |b STU v Bratislave MTF UVTE,  |c 2013 
650 7 |a výrobné technológie  |2 stusub 
650 7 |a Production Technologies  |2 estusub 
650 7 |a delenie materiálu  |2 stusub 
700 1 |a Mečiar, Svätopluk,  |d 1948-  |4 ths  |u M3000  |U MTF Materiálovotechnologická fakulta  |T MTF Ústav výrobných technológií  |X 30639  |U M3000  |Y 83  |7 A000030639 
856 4 |a info a plný text  |u http://is.stuba.sk/zp/portal_zp.pl?podrobnosti=104579  |3 VAIS 
996 |c M*BP-6209  |l MMSKP  |s P  |a 0  |w stu269881_0001